000 00675cam a2200217 4500500
005 20260405004022.0
041 _afre
042 _adc
100 1 0 _aDorlin, Elsa
_eauthor
245 0 0 _aMichel Foucault et la théorie féministe
260 _c2017.
500 _a59
690 _aBiopouvoir
690 _aCorps
690 _aGenre
690 _aJudith Butler
690 _aSexualité
690 _aTrouble dans le genre
786 0 _nPhilosophie magazine - Hors séries | Hors-série Hiver 2017-2018 | HS36 | 2017-12-01 | p. 9-9 | 2104-9246
856 4 1 _uhttps://shs.cairn.info/magazine-philosophie-magazine-2017-hs36-page-9?lang=fr&redirect-ssocas=7080
999 _c2072952
_d2072952